Форма керамических изделий: философия, дизайн, технология: монография

Bibliografiska uppgifter
Huvudupphovsman: Захаров А. И. Александр Иванович
Institutionella upphovsmän: Российский химико-технологический университет им. Д. И. Менделеева (РХТУ) (570), Томский институт бизнеса, Академия технической эстетики и дизайна, Национальный исследовательский Томский политехнический университет (ТПУ) Институт кибернетики (ИК) Кафедра автоматизации и роботизации в машиностроении (АРМ)
Övriga upphovsmän: Кухта М. С. Мария Сергеевна
Sammanfattning:Заглавие с титульного экрана
В монографии рассмотрен процесс формообразования керамических изделий с учетом психологических, морфологических, семантических и технологических факторов, определяющих и направляющих восприятие изделий, а также их конструирование и изготовление. Системно изложен процесс проектирования керамических изделий, представлено видовое разнообразие форм керамики в исторической перспективе. Монография может быть рекомендована всем интересующимся вопросами формообразования в дизайне и спецификой керамических производств - студентам, аспирантам, преподавателям, технологам. Всем, кто любит этот мир и керамику в нем.
Режим доступа: по договору с организацией-держателем ресурса
Språk:ryska
Publicerad: Томск, Изд-во СТТ, 2015
Serie:Дизайн и общество
Ämnen:
Länkar:http://elibrary.ru/item.asp?id=24354066
Materialtyp: Elektronisk Bok
KOHA link:https://koha.lib.tpu.ru/cgi-bin/koha/opac-detail.pl?biblionumber=648167

MARC

LEADER 00000nlm0a2200000 4500
001 648167
005 20231227143509.0
035 |a (RuTPU)RU\TPU\network\13324 
090 |a 648167 
100 |a 20160512d2015 k y0rusy50 ca 
101 0 |a rus 
102 |a RU 
105 |a a z 001zy 
135 |a drcn ---uucaa 
181 0 |a i  
182 0 |a b 
200 1 |a Форма керамических изделий: философия, дизайн, технология  |e монография  |f А. И. Захаров, М. С. Кухта  |g Российский химико-технологический университет им. Д. И. Менделеева (РХТУ) ; Томский институт бизнеса ; Академия технической эстетики и дизайна 
203 |a Текст  |c электронный 
210 |a Томск  |c Изд-во СТТ  |d 2015 
225 1 |a Дизайн и общество 
300 |a Заглавие с титульного экрана 
330 |a В монографии рассмотрен процесс формообразования керамических изделий с учетом психологических, морфологических, семантических и технологических факторов, определяющих и направляющих восприятие изделий, а также их конструирование и изготовление. Системно изложен процесс проектирования керамических изделий, представлено видовое разнообразие форм керамики в исторической перспективе. Монография может быть рекомендована всем интересующимся вопросами формообразования в дизайне и спецификой керамических производств - студентам, аспирантам, преподавателям, технологам. Всем, кто любит этот мир и керамику в нем. 
333 |a Режим доступа: по договору с организацией-держателем ресурса 
337 |a Adobe Reader 
606 1 |a Керамические изделия  |2 stltpush  |3 (RuTPU)RU\TPU\subj\34800  |9 56663 
610 1 |a электронный ресурс 
610 1 |a труды учёных ТПУ 
610 1 |a монографии 
610 1 |a керамика 
610 1 |a дизайн 
610 1 |a формообразование 
675 |a 666.3.046.4  |v 3 
700 1 |a Захаров  |b А. И.  |g Александр Иванович 
701 1 |a Кухта  |b М. С.  |c специалист в области промышленного дизайна  |c профессор Томского политехнического университета, доктор философских наук  |f 1963-  |g Мария Сергеевна  |3 (RuTPU)RU\TPU\pers\28641  |9 13457 
712 0 2 |a Российский химико-технологический университет им. Д. И. Менделеева (РХТУ)  |c (Москва)  |3 (RuTPU)RU\TPU\col\55 
712 0 2 |a Томский институт бизнеса  |3 (RuTPU)RU\TPU\col\11863  |9 25280 
712 0 2 |a Академия технической эстетики и дизайна  |4 570 
712 0 2 |a Национальный исследовательский Томский политехнический университет (ТПУ)  |b Институт кибернетики (ИК)  |b Кафедра автоматизации и роботизации в машиностроении (АРМ)  |3 (RuTPU)RU\TPU\col\18704 
801 2 |a RU  |b 63413507  |c 20160622  |g RCR 
856 4 |u http://elibrary.ru/item.asp?id=24354066 
942 |c CF